000 02402nam0a2200409 4500
001 RU\NLR\BIBL_A\022524586
005 20250513095525.0
010 _a978-5-907747-87-6
_9150
021 _aRU
_bКН-П-25-012176
_9КН-П-25-1222
035 _a(NLR Aleph) 022524586
090 _a13400374
_c13400374
100 _a20250417d2025 u y0rusy50 ca
101 0 _arus
102 _aRU
105 _aa j 001yy
181 0 _ai3
_baxxe
182 0 _an
200 1 _aПрактикум по биотехнологии микроводорослей
_eруководство к практическим занаятиям по курсу "Биотехнология микроводорослей"
_e[учебное пособие]
_fГорелова О. А., Лобакова Е. С., Минюк Г. С. [и др.]
_gпод общей редакцией д. б. н. Е. С. Лобаковой и д. б. н. А. Е. Соловченко
_gМосковский государственный университет имени М. В. Ломоносова, Биологический факультет
203 _aТекст
_bвизуальный
_cнепосредственный
210 _aМосква
_cТоварищество научных изданий КМК
_d2025
215 _a224, [2] с.
_cил., цв. ил., табл.
_d22
300 _aАвт. указаны на обороте тит. л.
300 _aДоп. информ. в ссылках QR-кодов кн.
320 _aБиблиогр. в конце разделов
320 _aПредм. указ.: с. 223-225
606 1 _aМикроводоросли
_jУчебные издания для высших учебных заведений
_xБиотехнология
_92667005
_3RU\NLR\AUTH\6601755032
686 1 _aЕ591.2в76я731
701 1 _aГорелова
_bО. А.
_gОльга Андреевна
701 1 _aЛобакова
_bЕ. С.
_gЕлена Сергеевна
701 1 _aМинюк
_bГ. С.
_gГалина Семеновна
702 1 _aЛобакова
_bЕ. С.
_gЕлена Сергеевна
_4340
712 0 2 _4570
_aМГУ им. М. В. Ломоносова
_bБиологический факультет
_9367853
_3RU\NLR\AUTH\889936523
942 _cBOOK
980 _aNB